| 000 | 00432cam a22001097a 4500 | ||
|---|---|---|---|
| 008 | 180718b1982 xxu||||| |||| 00| 0 eng d | ||
| 082 | _aJ4x54 So13 | ||
| 245 |
_aRegional Inequalities in India : An inter-state and intra-state analysis _cEdited by L.S. Bhatt et al |
||
| 260 |
_aNew Delhi _bSociety for the study of regional disparities _c1982 |
||
| 300 | _a272p | ||
| 650 | _aIndia -Economic conditions - Regional disparities - Congresses | ||
| 999 |
_c409381 _d409381 |
||